<?xml version="1.0" encoding="UTF-8"?>
<record
    xmlns:xsi="http://www.w3.org/2001/XMLSchema-instance"
    xsi:schemaLocation="http://www.loc.gov/MARC21/slim http://www.loc.gov/standards/marcxml/schema/MARC21slim.xsd"
    xmlns="http://www.loc.gov/MARC21/slim">

  <leader>00999nam a22002537a 4500</leader>
  <controlfield tag="005">20170123164203.0</controlfield>
  <datafield tag="010" ind1=" " ind2=" ">
    <subfield code="a">B-029021</subfield>
  </datafield>
  <datafield tag="020" ind1=" " ind2=" ">
    <subfield code="c">100.00</subfield>
    <subfield code="a">8187654791</subfield>
  </datafield>
  <datafield tag="035" ind1=" " ind2=" ">
    <subfield code="a">B-029021</subfield>
  </datafield>
  <datafield tag="037" ind1=" " ind2=" ">
    <subfield code="a">Cen Lib / Ret</subfield>
  </datafield>
  <datafield tag="040" ind1=" " ind2=" ">
    <subfield code="a">DPL</subfield>
    <subfield code="b">PN</subfield>
  </datafield>
  <datafield tag="082" ind1=" " ind2=" ">
    <subfield code="a">582.16</subfield>
    <subfield code="b">&#xA1D;&#xA70;&#xA21;&#xA38;&#xA41;</subfield>
  </datafield>
  <datafield tag="100" ind1=" " ind2=" ">
    <subfield code="a">&#xA1D;&#xA70;&#xA21;, &#xA38;&#xA41;&#xA16;&#xA26;&#xA47;&#xA35; &#xA38;&#xA3F;&#xA70;&#xA18;</subfield>
    <subfield code="9">53381</subfield>
  </datafield>
  <datafield tag="245" ind1=" " ind2=" ">
    <subfield code="a">&#xA2A;&#xA70;&#xA1C;&#xA3E;&#xA2C; &#xA26;&#xA47; &#xA32;&#xA4B;&#xA15;-&#xA30;&#xA41;&#xA71;&#xA16; /</subfield>
    <subfield code="c">&#xA38;&#xA41;&#xA16;&#xA26;&#xA47;&#xA35; &#xA38;&#xA3F;&#xA70;&#xA18; &#xA1D;&#xA70;&#xA21;</subfield>
  </datafield>
  <datafield tag="246" ind1=" " ind2=" ">
    <subfield code="a">Punjab de lok rukh /</subfield>
    <subfield code="b">by Sukhdev Singh Jhand</subfield>
  </datafield>
  <datafield tag="260" ind1=" " ind2=" ">
    <subfield code="a">&#xA26;&#xA3F;&#xA71;&#xA32;&#xA40; </subfield>
    <subfield code="b">&#xA2E;&#xA28;&#xA2A;&#xA4D;&#xA30;&#xA40;&#xA24; &#xA2A;&#xA4D;&#xA30;&#xA15;&#xA3E;&#xA38;&#xA3C;&#xA28; </subfield>
    <subfield code="c">2000</subfield>
  </datafield>
  <datafield tag="270" ind1=" " ind2=" ">
    <subfield code="a">16/16 1st floor &#xA17;&#xA40;&#xA24;&#xA3E; &#xA15;&#xA3E;&#xA32;&#xA4B;&#xA28;&#xA40; </subfield>
    <subfield code="b">&#xA26;&#xA3F;&#xA71;&#xA32;&#xA40; </subfield>
    <subfield code="e">110031</subfield>
  </datafield>
  <datafield tag="300" ind1=" " ind2=" ">
    <subfield code="a">96p ; </subfield>
    <subfield code="c">22cm(Hb)</subfield>
  </datafield>
  <datafield tag="650" ind1=" " ind2=" ">
    <subfield code="a">Plants noted for characteristics &amp; flowers</subfield>
    <subfield code="9">139389</subfield>
  </datafield>
  <datafield tag="650" ind1=" " ind2=" ">
    <subfield code="a">&#xA2A;&#xA4C;&#xA26;&#xA47; &#xA17;&#xA41;&#xA23; &#xA05;&#xA24;&#xA47; &#xA2B;&#xA41;&#xA71;&#xA32; &#xA32;&#xA08; &#xA28;&#xA4B;&#xA1F;</subfield>
    <subfield code="9">139390</subfield>
  </datafield>
  <datafield tag="650" ind1=" " ind2=" ">
    <subfield code="a">Plants</subfield>
    <subfield code="9">20594</subfield>
  </datafield>
  <datafield tag="650" ind1=" " ind2=" ">
    <subfield code="a">&#xA2A;&#xA4C;&#xA26;&#xA47;</subfield>
    <subfield code="9">139391</subfield>
  </datafield>
  <datafield tag="942" ind1=" " ind2=" ">
    <subfield code="2">ddc</subfield>
    <subfield code="c">PN</subfield>
    <subfield code="h">582.16</subfield>
    <subfield code="m">&#xA1D;&#xA70;&#xA21;&#xA2E;</subfield>
  </datafield>
  <datafield tag="999" ind1=" " ind2=" ">
    <subfield code="c">111216</subfield>
    <subfield code="d">111216</subfield>
  </datafield>
  <datafield tag="952" ind1=" " ind2=" ">
    <subfield code="0">0</subfield>
    <subfield code="1">0</subfield>
    <subfield code="4">0</subfield>
    <subfield code="7">0</subfield>
    <subfield code="a">L</subfield>
    <subfield code="b">L</subfield>
    <subfield code="d">2016-03-18</subfield>
    <subfield code="e">Cen Lib/Ret</subfield>
    <subfield code="g">100.00</subfield>
    <subfield code="l">0</subfield>
    <subfield code="o">582.16 &#xA1D;&#xA70;&#xA21;&#xA38;&#xA41;</subfield>
    <subfield code="p">B-029021</subfield>
    <subfield code="r">2016-03-18 00:00:00</subfield>
    <subfield code="t">1</subfield>
    <subfield code="v">100.00</subfield>
    <subfield code="w">2016-03-18</subfield>
    <subfield code="y">PN</subfield>
  </datafield>
</record>
